000 00989nam a2200253 a 4500
005 20191224042328.0
008 170616s2011 ck a||||r|||| 00| 0 spa d
040 _aCO-BoIAVH
_cCO-BoIAVH
041 0 _aspa
044 _ack
090 _aFG-
_b0139
100 1 _aVillegas Botero, Ricardo
_eautor
245 1 0 _aGuía de legislación ambiental /
_cRicardo Botero Villegas [y otros 3]
260 _aBogotá (Colombia) :
_bUniversidad de los Llanos :
_bEcopetrol,
_c2011.
300 _a32 páginas :
_bilustraciones a color ;
_c21 x 14 cm.
500 _aEn el encabezado: "La norma como instrumento de gestión".
650 2 6 _aProtección ambiental
_xLegislación
650 2 6 _aLegislación medioambiental
_vNormas
700 1 _aPinto Góngora, María Fernanda
_eautora
700 1 _aTorres-Mora, Marco Aurelio
_eautor
700 1 _aTrujillo González, Juan Manuel
_eautor
710 2 _aUniversidad de los Llanos
942 _2z
_cFolleto
999 _c19662
_d19662